UFC Nicknames - Statistics

General Stats
  • This quiz has been taken 414 times
  • The average score is 16 of 26
Answer Stats
Hint Answer % Correct
Bones Jon Jones
99%
The Notorious Conor McGregor
98%
The Spider Anderson Silva
96%
DC Daniel Cormier
95%
The Eagle Khabib Nurmagomedov
91%
Mighty Mouse Demetrious Johnson
90%
El Cucuy Tony Ferguson
87%
Rush Georges St-Pierre
80%
Wonderboy Stephen Thompson
80%
Rowdy Ronda Rousey
71%
The Iceman Chuck Lidell
70%
Showtime Anthony Pettis
68%
Soldier of God Yoel Romero
68%
No Love Cody Garbrandt
66%
The Count Michael Bisping
60%
The Dominator Dominick Cruz
59%
Super Samoan Mark Hunt
53%
Junior Jose Aldo
48%
The Last Emperor Fedor Emelianenko
45%
The Chosen One Tyron Woodley
42%
The Natural Randy Couture
36%
The Prodigy BJ Penn
35%
The Phenom Vitor Belfort
35%
The Underground King Eddie Alvarez
34%
Vai Cavalo Fabricio Werdum
18%
El Guapo Bas Rutten
11%
No matching quizzes found
Score Distribution
Percent of People with Each Score
Percentile by Number Answered
Your Score History
You have not taken this quiz